Approches système (Record no. 44318)
[ view plain ]
| 000 -LEADER | |
|---|---|
| fixed length control field | 00719 a2200289 4500 |
| 037 ## - SOURCE OF ACQUISITION | |
| Stock number | S 6274 |
| 020 ## - NUMERO INTERNATIONAL NORMALISE DES LIVRES | |
| International Standard Book Number | 2-216-00591-8 |
| 100 ## - VEDETTE PRINCIPALE - NOM DE PERSONNE | |
| Personal name | Teixido, Christian |
| 100 ## - VEDETTE PRINCIPALE - NOM DE PERSONNE | |
| Language of a work | Fr. |
| 260 ## - PUBLICATION, DISTRIBUTION, ETC. (IMPRINT) | |
| Place of publication, distribution, etc | Paris |
| 260 ## - PUBLICATION, DISTRIBUTION, ETC. (IMPRINT) | |
| Name of publisher, distributor, etc | Les édition foucher |
| 245 ## - TITLE STATEMENT | |
| Title | Approches système |
| 260 ## - PUBLICATION, DISTRIBUTION, ETC. (IMPRINT) | |
| Date of publication, distribution, etc | 1992 |
| 250 ## - EDITION STATEMENT | |
| Edition statement | Nouvelle édition |
| 300 ## - PHYSICAL DESCRIPTION | |
| Extent | 383p |
| 300 ## - PHYSICAL DESCRIPTION | |
| Other physical details | 29 cm |
| 630 ## - SUBJECT ADDED ENTRY--UNIFORM TITLE | |
| Uniform title | 65 - Gestion et organisation de l'industrie, du commerce et des transports |
| 650 ## - SUBJECT ADDED ENTRY--TOPICAL TERM | |
| Topical term or geographic name as entry element | 6 - SCIENCES APPLIQUEES |
| 650 ## - SUBJECT ADDED ENTRY--TOPICAL TERM | |
| Topical term or geographic name as entry element | Industrie : projet : cours |
| 650 ## - SUBJECT ADDED ENTRY--TOPICAL TERM | |
| Topical term or geographic name as entry element | Marketing : cours |
| 700 ## - ADDED ENTRY--PERSONAL NAME | |
| Personal name | Rak, Ignace |
| 700 ## - ADDED ENTRY--PERSONAL NAME | |
| Personal name | Cazénaud, Marie |
| 700 ## - ADDED ENTRY--PERSONAL NAME | |
| Personal name | Col |
| 700 ## - ADDED ENTRY--PERSONAL NAME | |
| Personal name | Col, Favier, Josette |
| Withdrawn status | Lost status | Damaged status | Not for loan | Location (home branch) | Sublocation or collection (holding branch) | Date acquired | Koha issues (times borrowed) | Koha full call number | Koha date last seen | Price effective from | Koha item type |
|---|---|---|---|---|---|---|---|---|---|---|---|
| Bibliothèque Universitaire Centrale | Bibliothèque Universitaire Centrale | 28/02/2009 | 658 RAK | 28/02/2009 | 28/02/2009 | Livre |